000 00610nam a2200229Ia 4500
003 OSt
005 20221007080823.0
006 a|||||r|||| 00| 0
007 ta
008 221006b |||||||| |||| 00| 0 eng d
024 _a13,295
037 _cTextual
040 _aFLL
_cFLL
_beng
041 _2eng
_aeng
082 _aV73:51.L, J8
100 _aMcilwain C.H. Au.
_9685019
245 0 _aAmerican revolution
260 _aNew York
_bCornell university press U.S.A.
_c1958
300 _a198p
_ccm.
942 _hV73:51.L, J8
_cTEXL
_2CC
999 _c1161015
_d1161015